000 00897nam a22002057a 4500
003 OSt
005 20250911174220.0
008 240207b ||||| |||| 00| 0 eng d
040 _c0
082 _aDPer 621.381 In821 April 2022 v. 37 n. 4
100 _aHu, Jingxin.
_eauthor.
_951665
245 _aNatural boundary transition and inherent dynamic control of a hybrid-mode-modulated dual-active-bridge converter /
_cJingxin Hu, Shenghui Cui, and Rik W. De Doncker.
260 _aNew York ;
_bThe Institute of Electrical and Electronics Engineers, Inc. ,
_cApril 2022.
300 _aVolume 37, pages 3865-3877 :
_billustration ;
_c28 cm.
500 _aIEEE Transaction on Power Electronics, vol. 37, no. 4, pages 3865-3877, April 2022.
700 _aHu, Jingxin.
_eauthor.
_951665
700 _aCui, Shenghui.
_eauthor.
_951666
700 _aDe Doncker, Rik W.
_eauthor.
_951667
942 _2ddc
_cPER
999 _c18963
_d18963